Les Pays-Bas, pays pionier de la lutte pour l'environnement.
Povaha problému. Úloha poľnohospodárstva. Úloha spotreby energie. Znečisťovanie riek a ovzdušia - medzinárodný problém. Opatrenia uplatnené v 70. a 80. rokoch. Ekonomické nástroje použité v krajinách OECD. Národný plán pre životné prostredie. (Etudes économiques de l'OCDE, Pays-Bas 1990, september.)...
Na minha lista:
| Formato: | Capítulo de Livro |
|---|---|
| Idioma: | francês |
| Assuntos: | |
| Tags: |
Sem tags, seja o primeiro a adicionar uma tag!
|
MARC
| LEADER | 00000naa a2200000 4500 | ||
|---|---|---|---|
| 001 | r004196 | ||
| 005 | 20221125091630.6 | ||
| 041 | 0 | |a fre | |
| 044 | |a FR | ||
| 245 | 1 | 0 | |a Les Pays-Bas, pays pionier de la lutte pour l'environnement. |
| 520 | |a Povaha problému. Úloha poľnohospodárstva. Úloha spotreby energie. Znečisťovanie riek a ovzdušia - medzinárodný problém. Opatrenia uplatnené v 70. a 80. rokoch. Ekonomické nástroje použité v krajinách OECD. Národný plán pre životné prostredie. (Etudes économiques de l'OCDE, Pays-Bas 1990, september.). | ||
| 610 | 2 | 0 | |a ochrana prostredia životného |
| 610 | 2 | 0 | |a Holandsko |
| 610 | 2 | 0 | |a poľnohospodárstvo |
| 610 | 2 | 0 | |a spotreba energie |
| 610 | 2 | 0 | |a znečistenie ovzdušia |
| 610 | 2 | 0 | |a znečistenie vôd |
| 610 | 2 | 0 | |a 1970-1990 |
| 610 | 2 | 0 | |a OECD |